| 000 | 00476nam a22001817a 4500 | ||
|---|---|---|---|
| 003 | MPLRDC | ||
| 005 | 20220104114725.0 | ||
| 008 | 210129b ||||| |||| 00| 0 eng d | ||
| 020 | _a957-32-1758-9 | ||
| 082 | _a292.1 MAR | ||
| 100 | _aCHRISTOPHER MARKERT | ||
| 245 |
_a趋吉避凶: 易经实用读本 _c罗竹茜译 |
||
| 250 | _a初版一刷 | ||
| 260 |
_a _b远流出版事业股份有限 _c1993 |
||
| 300 | _b平 | ||
| 650 | _a占卜--易占 | ||
| 942 |
_cBK _o292.1 MAR |
||
| 999 |
_c9735 _d9725 |
||